Modelling a Catholic University to Meet the 21st Century Challenges (Record no. 4139)
[ view plain ]
| 000 -LEADER | |
|---|---|
| fixed length control field | 00436nam a22001217a 4500 |
| 003 - CONTROL NUMBER IDENTIFIER | |
| control field | OSt |
| 005 - DATE AND TIME OF LATEST TRANSACTION | |
| control field | 20260209152636.0 |
| 008 - FIXED-LENGTH DATA ELEMENTS--GENERAL INFORMATION | |
| fixed length control field | 260209b |||||||| |||| 00| 0 eng d |
| 040 ## - CATALOGING SOURCE | |
| Transcribing agency | The Catholic University of Eastern Africa |
| 082 ## - DEWEY DECIMAL CLASSIFICATION NUMBER | |
| Edition number | 1st |
| Classification number | 378.071 MIR |
| 245 ## - TITLE STATEMENT | |
| Title | Modelling a Catholic University to Meet the 21st Century Challenges |
| Remainder of title | Essays in Honour of Revd.Prof John C. Maviiri |
| Statement of responsibility, etc. | Catholic University of Eastern Africa |
| 942 ## - ADDED ENTRY ELEMENTS (KOHA) | |
| Source of classification or shelving scheme | Dewey Decimal Classification |
| Koha item type | Books |
| Withdrawn status | Lost status | Source of classification or shelving scheme | Damaged status | Not for loan | Home library | Current library | Date acquired | Total Checkouts | Full call number | Date last seen | Price effective from | Koha item type |
|---|---|---|---|---|---|---|---|---|---|---|---|---|
| Dewey Decimal Classification | Continental House Library | Continental House Library | 02/09/2026 | 378.071 MIR | 02/09/2026 | 02/09/2026 | Books |
